000 00395nam a2200145Ia 4500
008 230917s9999||||xx |||||||||||||| ||und||
040 _e48509
_aMAIN
041 _aEnglish
082 _a954.5 G869F
100 _aGrewal, J S
245 0 _aFrom Guru Nanak to Mahuraja Ranjit Singh: essays in Sikh history
260 _aAmritsar
_bGuru Nanak University
_c1972
300 _a195 p.
942 _cBK
999 _c227945
_d227945